000
00399nam a22001697a 4500
003
MPLRDC
005
20220104113842.0
008
210129b ||||| |||| 00| 0 eng d
082
_a
848.1 ZZQ
100
_a
朱自清著
245
_a
朱自清序跋书评集
_c
250
_a
一版一刷
260
_a
_b
三联书店
_c
1983
300
_b
平
650
_a
现代别集
942
_c
BK
_o
848.1 ZZQ
999
_c
2862
_d
2852